ბათუმის შოთა რუსთაველის სახელმწიფო უნივერსიტეტის ბიბლიოთეკა

Хватит гадать! = STOP GUESSING : (ბიბ.ჩანაწერი № 62523)

000 -LEADER
fixed length control field 01081nam a22002057a 4500
005 - DATE AND TIME OF LATEST TRANSACTION
control field 20241128134545.0
008 - FIXED-LENGTH DATA ELEMENTS--GENERAL INFORMATION
fixed length control field 241128s2019 ru ||||| |||| 00| 0 rus d
020 ## - INTERNATIONAL STANDARD BOOK NUMBER
International Standard Book Number 9785001462842 X
041 ## - LANGUAGE CODE
Language code of text/sound track or separate title rus
080 ## - UNIVERSAL DECIMAL CLASSIFICATION NUMBER
Universal Decimal Classification number 316.62 Г-85
100 ## - MAIN ENTRY--PERSONAL NAME
Personal name Грин, Нэт
9 (RLIN) 23811
Relator term Автор
245 ## - TITLE STATEMENT
Title Хватит гадать! = STOP GUESSING :
Remainder of title Девять стратегий для решения любых проблем /
Statement of responsibility, etc. Нэт Грин, пер. с англ.В. Стерановой
264 ## - PRODUCTION, PUBLICATION, DISTRIBUTION, MANUFACTURE, AND COPYRIGHT NOTICE
Place of production, publication, distribution, manufacture Москва:
Name of producer, publisher, distributor, manufacturer Манн, Иванов и Фербер,
Date of production, publication, distribution, manufacture, or copyright notice 2019.
300 ## - PHYSICAL DESCRIPTION
Extent 180 c.;
Other physical details 22 cm.
653 ## - INDEX TERM--UNCONTROLLED
keyword Хватит гадать! Девять стратегий для решения любых проблем
653 ## - INDEX TERM--UNCONTROLLED
keyword შეწყვიტე გამოცნობა! ცხრა სტრატეგია ნებისმიერი პრობლემის გადასაჭრელა
653 ## - INDEX TERM--UNCONTROLLED
keyword სოციალური ქცევა
700 ## - ADDED ENTRY--PERSONAL NAME
Personal name Стерановой, В.
Relator term მთარგმნელი
9 (RLIN) 23812
942 ## - ADDED ENTRY ELEMENTS (KOHA)
Source of classification or shelving scheme
Koha item type წიგნი
ეგზემპლარები
Withdrawn status Lost status Source of classification or shelving scheme Damaged status Not for loan Permanent Location Current Location Shelving location Date acquired Cost, normal purchase price Full call number Barcode Date last seen Copy number Price effective from Koha item type Public note
          ბათუმის შოთა რუსთაველის სახელმწიფო უნივერსიტეტის მთავარი ბიბლიოთეკა ბათუმის შოთა რუსთაველის სახელმწიფო უნივერსიტეტის მთავარი ბიბლიოთეკა წიგნსაცავი 2024-11-28 55.00 316.62 Г-85 69882 2024-11-28 69882 2024-11-28 წიგნი 55.00